000
00284 a2200121 4500
001
64191
082
_a
968.064092 MAN
090
_c
37936
_d
37936
100
_a
Mandela Nelson
245
_a
Long Walk to Freedom
_h
English
260
_a
London
_b
Abacus
_c
2006
300
_a
x, 770P.
942
_a
NUST-CAE
_k
968.064092 MAN
999
_c
299264
_d
299264